000 00731nam a22001577a 4500
003 OSt
005 20150930154602.0
008 150930b xxu||||| |||| 00| 0 eng d
040 _cRUA
082 _aAGR REA 2008 B063 Or.1
100 _91620
_aREACH, SYDEN.
245 _aComparaison des degres d'eau irrogues sur le riz pha rumdoul a la station experimentale de l'universite royale d'agriculture, ប្រៀបធៀបកំរិតស្រោចស្រពលើដំណាំផ្ការំដូលនៅស្ថានីយ៍ពិសោធន៍សាកលវិទ្យាល័យភូមិន្ទកសិកម្ម
260 _aPhnom Penh
_bRUA
_c2008
300 _a42p.
_bill.
_c2008
942 _2ddc
_cAGR
999 _c1530
_d1530